<?xml version="1.0" encoding="UTF-8"?>
<record
    xmlns:xsi="http://www.w3.org/2001/XMLSchema-instance"
    xsi:schemaLocation="http://www.loc.gov/MARC21/slim http://www.loc.gov/standards/marcxml/schema/MARC21slim.xsd"
    xmlns="http://www.loc.gov/MARC21/slim">

  <leader>00403nam a2200109Ia 4500</leader>
  <controlfield tag="008">180213s9999||||xx |||||||||||||| ||und||</controlfield>
  <datafield tag="020" ind1=" " ind2=" ">
    <subfield code="c">NT270</subfield>
    <subfield code="a">978-957-13-7092-7</subfield>
  </datafield>
  <datafield tag="100" ind1=" " ind2=" ">
    <subfield code="a">&#x694A;&#x923A;&#x5100;</subfield>
  </datafield>
  <datafield tag="245" ind1=" " ind2="0">
    <subfield code="c">&#x694A;&#x923A;&#x5100;</subfield>
    <subfield code="a">&#x8B93;&#x81EA;&#x5DF1;&#x5FEB;&#x901F;&#x9032;&#x5316;&#x7684;PDCA&#x7B46;&#x8A18;&#x8853;&#xFF1A;&#x6BCF;&#x5929;&#x4E94;&#x5206;&#x9418;&#xFF0C;&#x5229;&#x7528;&#x7B46;&#x8A18;&#x2573;&#x56DB;&#x689D;&#x7DDA;&#xFF0C;&#x8B93;&#x4F60;&#x675C;&#x7D55;&#x778E;&#x5FD9;&#x3001;&#x7E2E;&#x77ED;&#x5DE5;&#x6642;&#x3001;&#x89E3;&#x6C7A;&#x96E3;&#x984C;&#x3001;&#x6301;&#x7E8C;&#x6210;&#x9577;</subfield>
  </datafield>
  <datafield tag="250" ind1=" " ind2=" ">
    <subfield code="a">&#x521D;&#x7248;</subfield>
  </datafield>
  <datafield tag="260" ind1=" " ind2=" ">
    <subfield code="c">2017</subfield>
    <subfield code="a">&#x53F0;&#x5317;&#x5E02;</subfield>
  </datafield>
  <datafield tag="942" ind1=" " ind2=" ">
    <subfield code="2">ccl</subfield>
    <subfield code="c">BOOK</subfield>
  </datafield>
  <datafield tag="999" ind1=" " ind2=" ">
    <subfield code="c">4305</subfield>
    <subfield code="d">4305</subfield>
  </datafield>
  <datafield tag="952" ind1=" " ind2=" ">
    <subfield code="0">0</subfield>
    <subfield code="1">0</subfield>
    <subfield code="2">ccl</subfield>
    <subfield code="4">0</subfield>
    <subfield code="7">0</subfield>
    <subfield code="a">yeezen</subfield>
    <subfield code="b">yeezen</subfield>
    <subfield code="d">2018-02-13</subfield>
    <subfield code="l">3</subfield>
    <subfield code="m">1</subfield>
    <subfield code="o">494</subfield>
    <subfield code="p">C02389</subfield>
    <subfield code="r">2023-02-08 00:00:00</subfield>
    <subfield code="s">2023-02-07</subfield>
    <subfield code="w">2018-02-13</subfield>
    <subfield code="y">BOOK</subfield>
    <subfield code="z">&#x4E0D;&#x8AD6;&#x662F;&#x5DE5;&#x4F5C;&#x9084;&#x662F;&#x81EA;&#x6211;&#x6210;&#x9577;&#xFF0C;&#x53EA;&#x8981;&#x80FD;&#x8B93;PDCA&#x5FAA;&#x74B0;&#x6301;&#x7E8C;&#x904B;&#x4F5C;&#xFF0C;&#x4E8B;&#x60C5;&#x5C31;&#x6703;&#x8D8A;&#x8B8A;&#x8D8A;&#x597D;&#x3002; &#x8A31;&#x591A;&#x83C1;&#x82F1;&#x6216;&#x9802;&#x5C16;&#x4EBA;&#x58EB;&#x5E7E;&#x4E4E;&#x90FD;&#x8A8D;&#x70BA;&#x300C;PDCA&#x624D;&#x662F;&#x6700;&#x5F37;&#x5927;&#x7684;&#xFF01;&#x300D;&#x4E26;&#x4E14;&#x96A8;&#x6642;&#x4EE5;&#x6975;&#x9AD8;&#x7684;&#x901F;&#x7387;&#x5728;&#x63A8;&#x52D5;PDCA&#x5FAA;&#x74B0;&#x3002;</subfield>
  </datafield>
</record>
